[Event "ITA-ch U20 sf"]
[Site "Alessandria"]
[Date "2018.07.28"]
[Round "8.7"]
[White "Pennica, Andrea"]
[Black "Miatto, Marco"]
[Result "1-0"]
[WhiteElo "1893"]
[BlackElo "1801"]
[PlyCount "51"]
[EventDate "2018.07.21"]
[EventType "swiss"]
[EventRounds "9"]
[EventCountry "ITA"]
[SourceTitle "EXT 2023"]
[Source "ChessBase"]
[SourceDate "2022.10.05"]
[SourceVersion "1"]
[SourceVersionDate "2022.10.05"]
[SourceQuality "1"]

1. d4 d5 2. c4 e6 3. Nc3 Nf6 4. Nf3 Be7 5. e3 0-0 6. Bd3 dxc4 7. Bxc4 a6 8. e4 b5 9. Bd3 Bb7 10. e5 Nd5 11. 0-0 Nd7 12. Ne4 h6 13. Qe2 c5 14. dxc5 Nxc5 15. Nxc5 Bxc5 16. Qe4 f5 17. exf6 Rxf6 18. Qh7+ Kf8 19. Qh8+ Ke7 20. Qxg7+ Kd6 21. Qg3+ Ke7 22. Bxh6 Rf7 23. Qg5+ Rf6 24. Bg7 Kd7 25. Bxf6 Nxf6 26. Qxc5 1-0

[Event "Arco Christmas op 8th"]
[Site "Arco"]
[Date "2017.12.29"]
[Round "6"]
[White "Miatto, Marco"]
[Black "Murgia, Andrea"]
[Result "1-0"]
[WhiteElo "1761"]
[BlackElo "1911"]
[PlyCount "67"]
[EventDate "2017.12.26"]
[EventType "swiss"]
[EventRounds "7"]
[EventCountry "ITA"]
[SourceTitle "CBM 182 Extra"]
[Source "ChessBase"]
[SourceDate "2018.02.23"]
[SourceVersion "1"]
[SourceVersionDate "2018.02.23"]
[SourceQuality "1"]

1. d4 f5 2. Bg5 c5 3. e3 Qb6 4. Nc3 Qxb2 5. Nd5 Nc6 6. Rb1 Qxa2 7. Nc7+ Kd8 8. Nxa8 Nb4 9. Rc1 Nf6 10. Bxf6 exf6 11. Bd3 d5 12. dxc5 Bxc5 13. Ne2 g5 14. Nc3 Qa5 15. 0-0 Ke7 16. Qf3 Be6 17. Bxf5 g4 18. Bxg4 f5 19. Bh3 Rxa8 20. Qh5 Nc6 21. Ne2 Rf8 22. Nf4 b5 23. Qxh7+ Rf7 24. Qh6 Nd8 25. Ng6+ Ke8 26. Qh8+ Bf8 27. Nxf8 Rxf8 28. Qd4 Qb6 29. Rfd1 Nf7 30. Qf6 a5 31. Bxf5 Nd8 32. Bg6+ Nf7 33. Rxd5 a4 34. Rcd1 1-0

[Event "Treviso op-B 1st"]
[Site "Treviso"]
[Date "2017.03.19"]
[Round "5.13"]
[White "Bisaro, Andrea"]
[Black "Miatto, Marco"]
[Result "1/2-1/2"]
[WhiteElo "1750"]
[BlackElo "1708"]
[PlyCount "126"]
[EventDate "2017.03.17"]
[EventType "swiss"]
[EventRounds "5"]
[EventCountry "ITA"]
[SourceTitle "EXT 2024"]
[Source "ChessBase"]
[SourceDate "2023.10.10"]
[SourceVersion "1"]
[SourceVersionDate "2023.10.10"]
[SourceQuality "1"]

1. d4 d5 2. c4 e6 3. Nf3 Nf6 4. Bg5 Be7 5. Nc3 Nbd7 6. e3 a6 7. Bd3 dxc4 8. Bxc4 b5 9. Bd3 Bb7 10. 0-0 0-0 11. Rc1 c5 12. Qe2 Rc8 13. Rfd1 h6 14. Bh4 Qb6 15. Ne5 Rfe8 16. Nxd7 Nxd7 17. Bxe7 Rxe7 18. dxc5 Nxc5 19. Ne4 Rcc7 20. Nxc5 Rxc5 21. Rxc5 Qxc5 22. Bb1 g6 23. Qg4 Rc7 24. Bxg6 Qg5 25. Qxg5 hxg5 26. Bb1 Kg7 27. f3 f5 28. Kf2 Kf6 29. h3 Rg7 30. Bc2 g4 31. hxg4 fxg4 32. e4 Ke5 33. Ke3 gxf3 34. gxf3 Rg2 35. f4+ Kf6 36. Rd2 Rg3+ 37. Kf2 Rh3 38. Kg1 Rf3 39. e5+ Ke7 40. Rh2 Rxf4 41. Rh7+ Rf7 42. Rxf7+ Kxf7 43. Kf2 Bd5 44. b3 Ke7 45. Ke3 Kd7 46. a3 Kc6 47. b4 Kb6 48. Kf4 a5 49. Kg5 axb4 50. axb4 Kc6 51. Kf6 Kd7 52. Kf7 Bc4 53. Kf8 Kc6 54. Be4+ Kd7 55. Bg6 Kd8 56. Bf7 Bd5 57. Be8 Bc4 58. Kf7 Bd3 59. Bxb5 Bxb5 60. Kxe6 Ke8 61. Kd6 Be2 62. Kc5 Ke7 63. Kd5 Bf3+ 1/2-1/2

[Event "ITA-ch U14"]
[Site "Tarvisio"]
[Date "2014.07.03"]
[Round "7"]
[White "Miatto, Marco"]
[Black "Pomilio, Riccardo"]
[Result "1/2-1/2"]
[WhiteElo "1610"]
[BlackElo "1770"]
[PlyCount "47"]
[EventDate "2014.06.29"]
[EventType "swiss"]
[EventRounds "9"]
[EventCountry "ITA"]
[SourceTitle "EXT 2015"]
[Source "ChessBase"]
[SourceDate "2014.11.20"]
[SourceVersion "1"]
[SourceVersionDate "2014.11.20"]
[SourceQuality "1"]

1. d4 Nf6 2. c4 g6 3. Nf3 Bg7 4. g3 0-0 5. Bg2 c6 6. 0-0 d5 7. e3 Nbd7 8. Nbd2 Re8 9. Re1 e5 10. e4 dxe4 11. Nxe4 Nxe4 12. Rxe4 f5 13. Re2 e4 14. Ne1 Nb6 15. c5 Nd5 16. f3 exf3 17. Rxe8+ Qxe8 18. Nxf3 Be6 19. Qb3 Qd7 20. Be3 Re8 21. Bf2 Bf7 22. Qd3 Nb4 23. Qd1 Nd5 24. Ng5 1/2-1/2

[Event "Cipressina op-B 2nd"]
[Site "Venice"]
[Date "2013.11.29"]
[Round "1"]
[White "Miatto, Marco"]
[Black "Rossi, Gianni"]
[Result "0-1"]
[WhiteElo "1579"]
[BlackElo "1789"]
[PlyCount "68"]
[EventDate "2013.11.29"]
[EventType "swiss"]
[EventRounds "5"]
[EventCountry "ITA"]
[SourceTitle "EXT 2015"]
[Source "ChessBase"]
[SourceDate "2014.11.20"]
[SourceVersion "1"]
[SourceVersionDate "2014.11.20"]
[SourceQuality "1"]

1. e4 Nf6 2. e5 Nd5 3. d4 d6 4. Nf3 dxe5 5. Nxe5 g6 6. Bc4 c6 7. Qf3 Be6 8. 0-0 Bg7 9. Rd1 0-0 10. Qb3 b5 11. Bxd5 Bxd5 12. c4 bxc4 13. Nxc4 Nd7 14. Be3 Nb6 15. Nba3 Qc8 16. Qd3 Qg4 17. Qf1 Nxc4 18. Nxc4 c5 19. f3 Qe6 20. Ne5 cxd4 21. Bf2 Bxe5 22. Re1 Qd6 23. h3 Bh2+ 24. Kh1 Bg3 25. Bxg3 Qxg3 26. Rxe7 Rfc8 27. Qe2 Be6 28. Qe4 Qd6 29. Qb7 Rab8 30. Qxa7 Rxb2 31. Re1 Qg3 32. Rg1 Rxg2 33. Re8+ Rxe8 34. Rxg2 Qxf3 0-1